000 00719nam a22002415i 4500
005 20241002163340.0
008 230404s2017 enk 000 0 eng d
020 _a9780414058200
_qpaperback
041 _aeng
245 0 0 _aJCT: Prime Cost Building Contract 2016
_bPCC 2016
264 1 _aLondon :
_bThomson Reuters (Professional) UK Limited,
_c2017.
264 4 _c©2017
300 _aiv, 91 pages ;
_c30 cm
336 _atext
_2rdacontent
337 _aunmediated
_2rdamedia
338 _avolume
_2rdacarrier
490 _aJCT Contracts 2016
500 _aTitle from cover.
651 _aUnited Kingdom
710 2 _aJoint Contracts Tribunal,
_eauthor.
942 _n0
999 _c122027
_d122027